| 000 | 00515cam a2200181 4500 | ||
|---|---|---|---|
| 001 | D14143 | ||
| 008 | 090401t1960 xxu||||| |||| 00| 0 eng d | ||
| 035 | _a(Sirsi) u13663 | ||
| 041 | _aeng | ||
| 100 | _aUsill, G.W. | ||
| 245 | _aPractical surveying: a textbook for students preparing for examinations or for survey work at home and overseas | ||
| 250 | _a15th | ||
| 260 |
_aLondon _bThe Technical Press _c1960 |
||
| 350 | _a0 | ||
| 520 | _aShelf 136; revised by K M Hart | ||
| 942 | _n0 | ||
| 948 | _c04/03/1997 | ||
| 999 |
_c87128 _d87128 |
||